Top 10 der wichtigsten Mittelmeerhäfen - Statistiken

Allgemein
  • Dieses Quiz wurde 94 mal gespielt
  • Das Durchschnittsergebnis liegt bei 3 aus 10
Antwortstatistiken
Antwort % Korrekt
Marseille
87%
Valencia
59%
Algier
51%
Alexandria
48%
Beirut
34%
Piräus
34%
Tanger-Med
2%
Gioia Tauro
0%
Marsaxlokk
0%
Mersin
0%
Keine übereinstimmenden Quizze gefunden
Verteilung der Resultate
Anzahl Personen mit jedem Resultat
Perzentil nach korrekt beantworteten Fragen
Ihre Resultats-Entwicklung
Sie haben dieses Quiz noch nicht gespielt